| 000 | 01324cam a22003014a 4500 | ||
|---|---|---|---|
| 001 | 16166586 | ||
| 005 | 20170105102913.0 | ||
| 008 | 100401s2011 nyu b 000 0 eng | ||
| 010 | _a 2010013568 | ||
| 020 | _a9781441166630 (hardcover : alk. paper) | ||
| 020 | _a1441166637 (hardcover : alk. paper) | ||
| 040 |
_aDLC _cDLC |
||
| 043 |
_aa-is--- _ama----- |
||
| 050 | 0 | 0 |
_aDS119.76 _b.S7973 2010 |
| 082 | 0 | 0 |
_a956.05/4 _222 |
| 100 | 1 | _aSpyer, Jonathan. | |
| 245 | 1 | 4 |
_aThe transforming fire : _bthe rise of the Israel-Islamist conflict / _cJonathan Spyer. |
| 260 |
_aNew York : _bContinuum, _c2010. |
||
| 300 |
_aix, 227 p. ; _c24 cm. |
||
| 504 | _aIncludes bibliographical references. | ||
| 505 | 0 | _a"Not all of us will be coming back" -- History's resurrection -- Muqawama : Islamism's rise -- A new Jerusalem -- The Middle East cold war -- Conversations in the season of remembrance -- Broken borders -- A grave missed opportunity -- The verdict of Deir Mimas -- The transforming fire. | |
| 650 | 0 |
_aArab-Israeli conflict _y1993- |
|
| 650 | 0 |
_aIslamic fundamentalism _zIsrael. |
|
| 650 | 0 |
_aArab-Israeli relations _xReligious aspects _xIslam. |
|
| 906 |
_a7 _bcbc _corignew _d1 _eecip _f20 _gy-gencatlg |
||
| 942 |
_2ddc _cBK |
||
| 999 |
_c15211 _d15211 |
||